Score 0/24 Timer 02:30
0 Plays Today
% Correct
John F Kennedy
85.1%
George H W Bush
84.2%
Bill Clinton
83.2%
Donald Trump
83.2%
Barack Obama
82.2%
George W Bush
71.3%
Dwight D Eisenhower
69.3%
Lyndon B Johnson
69.3%
Donald Trump
67.3%
Richard Nixon
65.3%
Bill Clinton
59.4%
Ronald Reagan
55.4%
% Correct
Jimmy Carter
51.5%
Gerald Ford
43.6%
George H W Bush
43.6%
Barack Obama
39.6%
George W Bush
38.6%
John F Kennedy
36.6%
Dwight D Eisenhower
35.6%
Jimmy Carter
30.7%
Ronald Reagan
25.7%
Richard Nixon
23.8%
Lyndon B Johnson
17.8%
Gerald Ford
4%

You're not logged in!

Compare scores with friends on all Sporcle quizzes.
OR
Log In

Sporcle TV

Today on Sporcle TV


Watch our educational content, quiz creation guides, and fun videos on Sporcle TV.

Show Comments

Extras

Created Oct 3, 2019ReportNominate
Tags:US Presidents Quiz

Top Quizzes Today


Score Distribution

Paid Content

Your Account Isn't Verified!

In order to create a playlist on Sporcle, you need to verify the email address you used during registration. Go to your Sporcle Settings to finish the process.

Report this User

Report this user for behavior that violates our Community Guidelines.

Details: